| 000 | 00566cam a22001691i 4500 | ||
|---|---|---|---|
| 001 | tmp96031104 | ||
| 003 | DLC | ||
| 005 | 20260227112757.0 | ||
| 008 | 120918s2000 dcuc 000 0 eng | ||
| 010 | _atmp96031104 | ||
| 040 |
_aDLC _cDLC _dDLC |
||
| 050 | 0 | 0 |
_aHC79.P6 _bW65 2000 |
| 100 | 1 | _aWolfensohn, James D. | |
| 245 | 1 | 0 |
_aBuilding an equitable world : _baddress to the Board of Governors, Prague, Czeck Republic, September 26, 2000 / _cJames D. Wolfensohn. |
| 260 |
_aWashington DC : _bThe World Bank Group, _c2000. |
||
| 300 |
_a18 p. : _bfront port. ; _c22 cm. |
||
| 999 |
_c91285 _d91285 |
||